000
00251nam a2200097Ia 4500
001
911650
005
20250826185723.0
008
250824s9999 xx 000 0 und d
245
0
_a
PANCARCI ÇOCUK
_c
SAMED BEHRENGİ
260
_b
BİNBİR ÇİÇEK YAYINLARI
999
_c
911650
_d
911650